=LDR 00000nam 2200000 4500 =001 INLIS000000000034548 =005 20130612140442 =008 ***********************************Ind** =035 ##$$a0010-061300000034548 =041 ##$$a Ind =082 ##$$a 813 =090 ##$$a 8136bPri t =100 ##$$a Primasari,priska =245 ##$$a The fairy tale house, Priska Pramasari =260 ##$$a 2008 $b Bandung =300 ##$$a xii,204 hlm., 18 cm =650 ##$$a Sastra Indonesia =850 ##$$a NBPNMAT =990 ##$$a 21400613/BPAP-NTB/20142014